Iterative methods for sparse linear systems
Uloženo v:
| Hlavní autor: | |
|---|---|
| Médium: | Kniha |
| Jazyk: | angličtina čínština |
| Vydáno: |
Filadelfia
Society for Industrial and Applied Mathematics
2009
|
| Vydání: | 2a. ed |
| Témata: | |
| Tagy: |
Přidat tag
Žádné tagy, Buďte první, kdo vytvoří štítek k tomuto záznamu!
|
MARC
| LEADER | 00000cam a2200000 a 4500 | ||
|---|---|---|---|
| 001 | UCD3207 | ||
| 003 | CL-VaPUC | ||
| 008 | 160526e20090000us |||||||||||||||||eng|d | ||
| 020 | |a 9787030234834 | ||
| 041 | 0 | 7 | |a eng |2 CL-VaPUC |
| 041 | 0 | 7 | |a chi |2 CL-VaPUC |
| 082 | 0 | 4 | |a 515.623 |b SAA |2 21 |
| 100 | 0 | |a Saad, Yousef |e author |9 586564 | |
| 245 | 1 | 0 | |a Iterative methods for sparse linear systems |
| 250 | |a 2a. ed | ||
| 300 | |a 528 p | ||
| 942 | |c BK | ||
| 945 | |d 20160526 21:26:00 |a arojas | ||
| 260 | |a Filadelfia |b Society for Industrial and Applied Mathematics |c 2009 | ||
| 650 | 7 | |a METODOS ITERATIVOS |2 CL-VaPUC |9 425297 | |
| 650 | 0 | |a Sistemas lineales |9 384816 | |
| 650 | 0 | |a Análisis numérico |9 259387 | |
| 650 | 0 | |a Ecuaciones diferenciales |9 260083 | |
| 583 | |a last modification |c 20160526 21:26:00 |k Rodrigo Vera | ||
| 999 | |c 364244 |d 364242 | ||
| 952 | |0 0 |1 0 |3 erd |4 0 |6 515_623000000000000_SAA_2009 |7 0 |8 A |9 477223 |a BIBMAT |b BIBMAT |i 5287960 |o 515.623 SAA 2009 |p 5287960 |r 2025-01-07 |w 2019-11-24 |y BK |z Catalogado en:20160526 |k MAT | ||